000 00441nam a2200169Ia 4500
005 20250508160931.0
008 008 250505s9999 xx 000 0 eng d
037 _aTextual
040 _aFEDL
_beng
_cFEDL
041 _aeng
_2eng
084 _a371.104, BRA
_qFEDL
100 _aBellamy Edward
_956331
245 0 _aTeacher as world citizen
300 _a83p.
942 _cTEXL
_h371.104, BRA
999 _c1367485
_d1367485